| 000 | 00812cab a2200253 4500 | ||
|---|---|---|---|
| 001 | ABS43626 | ||
| 008 | 090401t1999 xxu||||| |||| 00| 0 eng d | ||
| 035 | _a(Sirsi) u42622 | ||
| 041 | _aeng | ||
| 100 | _aHollis, M. | ||
| 245 | 2 | _aA stormy lesson | |
| 260 | _c1999 | ||
| 350 | _a0 | ||
| 490 |
_aStructural Survey _v9 (2) Autumn 1999, 169-172(4) |
||
| 520 | _aLooks at the lessons surveyors can learn from nature of the structural damage caused by the 1987 storm and the 1990 January gales. | ||
| 650 |
_aBUILDING REGULATIONS _96224 |
||
| 650 | _aCODES OF PRACTICE | ||
| 650 | _aFLAT ROOFS | ||
| 650 | _aTREES | ||
| 650 | _aBUILT ENVIRONMENT-BUILDING ELEMENTS-COMPLETE BUILDING ELEMENTS-WALLS | ||
| 690 | _aBUILDING AND CONSTRUCTION-REPAIRS AND MAINTENANCE | ||
| 942 | _n0 | ||
| 948 | _c04/03/1997 | ||
| 999 |
_c27277 _d27277 |
||